| 000 | 00904cam a2200169ua 4500 | ||
|---|---|---|---|
| 020 | _c1.50 | ||
| 041 |
_amal _h |
||
| 082 |
_a894.812809 _bSAH/CJ |
||
| 110 | 1 |
_aSahithya pravarthaka co-operative society . _b _c(Kottayam ) |
|
| 245 | 0 | 0 | _aC J Thomas (A symposium) |
| 260 |
_aKottayam : _bSahitya Pravarthaka Co-operative Society , _c1961. |
||
| 300 | _a125 ; . | ||
| 365 | _a1.50 | ||
| 504 | _a | ||
| 942 | _cBK | ||
| 999 |
_c11693 _d11693 |
||